000 00530nam a2200205Ia 4500
005 20260622144300.0
008 131103s9999 xx 000 0 und d
040 _aLoreto College
041 _aEnglish
082 _a274
_bDAR
100 _aRousselot, Pierre
245 4 _aThe life of the church
_cPierre Rousselot [ et al ] ...
260 _aLondon
_bSheed & Ward
_c1932
300 _a337p.
650 _aChristianity
651 _aEurope - Christianity
700 _aGrandmaison, L de
850 _aLCLIB
942 _cBK
999 _c25514
_d75993